| 000 | 02614nam a22003377a 4500 | ||
|---|---|---|---|
| 005 | 20120111110659.0 | ||
| 010 | _aB-482895-902 | ||
| 020 | _a9781426206467 | ||
| 035 | _aB-482895-902 | ||
| 037 | _bBlue Berry/Ven | ||
| 082 | 0 | 0 |
_a910.4 _223 |
| 245 | 0 | 0 |
_aSecret journeys of a lifetime : _b500 of the world's best hidden travel gems / _cintroduction by Keith Bellows. |
| 260 |
_aWashington, D.C. : _bNational Geographic, _cc2011. |
||
| 300 |
_a319 p. : _bcol. ill., col. maps. ; _c31 cm. (Hb) |
||
| 500 | _aIncludes index. | ||
| 520 | _a"Presents 500 off-the-beaten-path travel destinations around the world that are notable for their vistas, wildlife, and historical and cultural significance"--Provided by publisher. | ||
| 650 | 0 |
_aTourism _vGuidebooks. _953552 |
|
| 700 | 1 |
_aBellows, Keith. _938860 |
|
| 710 | 2 |
_aNational Geographic Society (U.S.) _938861 |
|
| 942 |
_2ddc _cCH _h910.4 _mSEC |
||
| 999 |
_c60684 _d60684 |
||